000 00710nam a2200205Ia 4500
003 GCL
008 140319s9999 xx 000 0 ara d
020 _a0646086977
040 _aGCL /
_cGCL
082 0 4 _a371.394
_bط ت
100 1 _aطارق عبدالرؤوف عامر
245 1 0 _aالتعلم الذاتى '' مفهومه-اسسه-اساليبه '' /
_cطارق عبدالرؤوف عامر
250 _aالاولى
260 _aالقاهرة :
_bالدار العالمية للنشر والتوزيع ،
_c2005
300 _a143 ص ؛
_c24 سم
650 0 4 _aالجامعة المفتوحة
650 0 4 _aالتعلم الذاتى
650 0 4 _aالتعليم - مصر
942 _2ddc
_cBK
999 _c10110
_d10110